000 00682nam a2200229 i 4500
001 147872
003 ES-MaACL
005 20250802101707.0
007 t|
008 071008s1977 sp ||||1| spa d
080 _a820-31"19"
100 1 _aUpdike, John.
_9112046
245 1 0 _aCásate conmigo /
_cJohn Updike ; [traducción Andrés Bosch].
250 _a[1ª ed.].
260 _a[Barcelona] :
_bMoguer,
_c[1977]
300 _a307 p. ;
_c20 cm.
490 1 _aGalería Literaria Contemporánea
700 1 _aBosch, Andrés,
_d1926-1984
_9160182
830 0 _aGalería Literaria Contemporánea
_9187120
852 _aES-MaACL
_jA-7372
_bR.96471
999 _c147872
_d147872